Sanonnat #3 - Statistics

Yleistilastot
  • Tätä visaa on pelattu 123 kertaa
  • Keskiarvotulos 19 / 30
Vastaustilastot
Hint Vastaus % Oikein
Ensin työ sitten ____ huvi
92%
Ottaa itseään ________ kiinni niskasta
91%
Ei kukaan ole _____ syntyessään seppä
88%
____ pitkästä ilosta Itku
87%
Niin _____ vastaa kun sinne huutaa metsä
85%
Minkä ________ jättää sen ________ löytää taakseen, edestään
85%
Hyvin ___________ on puoliksi tehty suunniteltu
83%
Alku aina hankalaa lopussa ______ seisoo kiitos
82%
________ on paha nyhjäistä Tyhjästä
78%
_________ roiskuu Rapatessa
76%
Oppia ___ kaikki ikä
73%
Oppia ___ kaikki ikä
73%
Rohkea _____ syö rokan
73%
______ hyvä tulee Hiljaa
67%
Mennä _____ edemmäksi kalaan merta
65%
Mennä _____ edellä puuhun Perse
65%
___________ maan perii Rehellisyys
65%
Rahalla saa ja _________ pääsee hevosella
62%
Mitä useampi _____ sen huonompi _____ kokki, soppa
55%
Ei ______ tieltä eksy kysyvä
49%
______ se pienikin ponnistaa Maasta
48%
____ ________ soimaa Pata kattilaa
46%
Parempi ______ kuin katua katsoa
43%
Nuorena on _____ väännettävä vitsa
43%
Löytää se ________ kana jyvän sokeakin
41%
_____ kantensa valitsee vakka
41%
______ käy lankeemuksen edellä Ylpeys
40%
Kukas se kissan ______ nostaa ellei kissa itse hännän
37%
Päivä on ________ pulkassa
24%
Viikon kestää vaikka aidan ________ seipäänä
12%
Ehtoja vastaavia visoja ei löytynyt
Tulosjakauma
Jokaisen tuloksen saaneiden osuus
Persentiili vastausten määrän mukaan
Tuloshistoriasi
Et ole pelannut tätä visaa